Responses for show #5773 - Wednesday, October 21, 2009

Contestants

[<< previous game]

George Long, an attorney from Pittsburgh, Pennsylvania

Jen McFann, a Peace Corps recruiter from Astoria, New York

Kevin Wilson, a communications specialist from Toronto, Ontario, Canada (whose 3-day cash winnings total $76,998)

[next game >>]

Jeopardy! Round responses

21st CENTURY WORLD LEADERS
RELATED SONG TITLES
WHERE IN THE WORLD IS YOUR HQ?
(Alex: You have to give the country for us.)
____ OF ____
GRANDMA
WHAT BIG TEETH YOU HAVE!
    $200 16
South Africa

Kevin
    $200 4
Madonna

Jen
    $200 9
(Jen: What is London?)
...
(Alex: Remember, you're going for the country, not the city.)

England

JenGeorge
    $200 1
the "Bard of Avon"

Jen
    $200 21
Barbara Bush

George
    $200 26
a beaver

Jen
    $400 17
Sarkozy

George
    $400 5
Creedence Clearwater Revival

Jen
    $400 10
Japan

Jen
    $400 2
the Isthmus of Panama

Jen
    $400 22
speeding

George
    $400 27
the walrus

Kevin
    $600 18
Kazakhstan

George
    $600 6
Lionel Richie

Jen
    $600 11
the United States

Triple Stumper
    $600 3
(Kevin: What is Doctor Death?)

the Angel of Death

KevinGeorge
    $600 23
Grandma Moses

Kevin
    $600 28
a fang

Jen
    $800 19
Berlusconi

Jen
    $800 7
Cher

Triple Stumper
    $800 12
Mexico

George
    $800 14
the Bay of Pigs

Jen
    $800 24
Agatha Christie

Kevin
    $800 29
a rattlesnake

Triple Stumper
    $1000 20
(Mu'ammar) Gadhafi

Jen
    $1000 8
ABBA

George
    $1000 13
India

George
    $1000 15
the Articles of Confederation

Jen
    $1000 25
Anne of Green Gables

Kevin
    $1,500 30
a hippopotamus

Jen

Scores at the first commercial break (after clue 15):

Kevin Jen George
-$600 $3,800 $3,600

Scores at the end of the Jeopardy! Round:

Kevin Jen George
$2,400 $7,900 $5,200

Double Jeopardy! Round responses

BATTLE DESCRIPTIONS
OSCAR YOUNGEST/OLDEST
NIGHT AT THE MUSEUM
ARE YOU TOYING WITH ME?
INITIALLY YOURS
(Alex: And in this category, we want to hear the initials from you.)
"OPE" SPRINGS ETERNAL
    $400 13
Tet

Kevin
    $400 7
A Passage to India

George
    $400 6
(Alex: [*]. Starry Night was the painting.)

van Gogh

George
    $400 1
an Easy-Bake Oven

Jen
    $400 21
D.W. Griffith

Kevin
    $400 26
Pope

George
    $800 14
Wounded Knee

Kevin
    $800 8
Timothy Hutton

George
    $800 17
Toulouse-Lautrec

Jen
    $800 2
Nerf

George
    $800 22
W.E.B. DuBois

George
    $800 27
an antelope

Jen
    $1200 15
the Battle of Trafalgar

Kevin
    $1200 9
Hal Holbrook

George
    $1200 18
Picasso

Kevin
    $1200 3
Razor

Jen
    $1200 23
C.S. Lewis

George
    $1200 28
[The end-of-round signal sounds.]

a horoscope

Jen
    $1600 12
the Mau Mau Uprisings

Triple Stumper
    $8,800 10
(Alex: The film was The Pianist, and you are right! $17,600. Good going!)

Adrien Brody

George
    $3,400 19
(Kevin: What is... a dog?)

a lion

Kevin
    $1600 4
(Kevin: What is Twilight?)

High School Musical

Kevin
Triple Stumper
    $1600 24
J.M.W. Turner

Triple Stumper
    $2000 16
the Battle of Actium

Triple Stumper
    $2000 11
Kramer vs. Kramer

George
    $2000 20
Marc Chagall

Triple Stumper
    $2000 5
Leapfrog

Jen
    $2000 25
E.E. Cummings

George

Scores at the end of the Double Jeopardy! Round:

Kevin Jen George
$1,400 $14,300 $24,000

[wagering suggestions for these scores]

Final Jeopardy! Round responses

AMERICAN THINKERS
KevinWho is Thomas Paine
$1,399
JenWho is Paine??...
$5,110
GeorgeWho was Franklin?
$6,000
Thomas Paine

Final scores:

Kevin Jen George
$2,799 $19,410 $18,000
3rd place: $1,000 New champion: $19,410 2nd place: $2,000

Game dynamics:

Coryat scores:

Kevin Jen George
$4,800 $13,800 $16,800
10 R,
3 W
(including 1 DD)
19 R
(including 1 DD),
1 W
20 R
(including 1 DD),
0 W

Combined Coryat: $35,400

The J! Archive is created by fans, for fans. The Jeopardy! game show and all elements thereof, including but not limited to copyright and trademark thereto, are the property of Jeopardy Productions, Inc. and are protected under law. This website is not affiliated with, sponsored by, or operated by Jeopardy Productions, Inc. Join the discussion at JBoard.tv.